| 000 | 00551nam a22001697a 4500 | ||
|---|---|---|---|
| 003 | MACL | ||
| 005 | 20160717161528.0 | ||
| 008 | 160717b xxu||||| |||| 00| 0 eng d | ||
| 040 | _cMACL | ||
| 041 | _aHindi | ||
| 082 | _a891.431 PUR | ||
| 100 |
_aपुरी, ललिता _964647 |
||
| 245 |
_aकीकर का पेड _bकाव्य संग्रह _cललिता पुरी |
||
| 260 |
_aचंडीगढ _bतरलोचन पब्लिशर्ज _c2014 |
||
| 650 |
_aकविता _9226 |
||
| 942 |
_2ddc _cHIN |
||
| 999 |
_c54392 _d54392 |
||